000 01167nam0a2200337 4500
001 RU\NLR\BIBL_A\011251743
005 20260601064226.0
010 _a978-5-17-084402-9
_91500
021 _aRU
_b2016-77204
_95024
035 _a(NILC)RuMoRGB-008644446
035 _a(NLR Aleph) 011251743
090 _a12170948
_c12170948
100 _a20161021d2016 |||y0rusy50 ca
101 0 _arus
102 _aRU
105 _ay|||z|||000ay
200 1 _aДжамп
_e[фантастические романы]
_fСергей Лукьяненко
210 _aМосква
_cАСТ
_d2016
215 _a765, [1] с.
_d21
225 1 _aСерия "Весь Сергей Лукьяненко"
327 1 _aСодерж.: романы: Звезды - холодные игрушки ; Звездная Тень
333 _a16+
675 _a821.161.1
686 2 _aШ6(2=Р)8-445
700 1 _8rus
_7ca
_aЛукьяненко
_bС. В.
_f1968-
_gСергей Васильевич
_3RU\NLR\AUTH\77833
_9110872
801 0 _aRU
_bРГБ
_c20161010
_gRCR
942 _cBOOK
980 _aNB